| 000 | 00703cam a2200217 i 4500 | ||
|---|---|---|---|
| 999 |
_c12376 _d12376 |
||
| 003 | OSt | ||
| 005 | 20240116145009.0 | ||
| 008 | 170224s2017 enk b 001 0 eng | ||
| 020 | _a9781472946898 (pbk.) | ||
| 082 | 0 | 0 |
_a658.4092 _223 _bKEL |
| 100 | 1 |
_aKeller, Scott, _d1972- _eauthor. |
|
| 245 | 1 | 0 |
_aLeading organizations : _bten timeless truths / _cScott Keller and Mary Meaney. |
| 300 |
_aii, 258 pages ; _c24 cm |
||
| 504 | _aIncludes bibliographical references (pages 244-254) and index. | ||
| 650 | 0 | _aOrganizational effectiveness. | |
| 650 | 0 | _aOrganizational behavior. | |
| 650 | 0 | _aOrganizational change. | |
| 650 | 0 | _aLeadership. | |
| 700 | 1 |
_aMeaney, Mary, _d1972- _eauthor. |
|
| 942 | _2ddc | ||